| 000 | 00833cam a2200229 4500 | ||
|---|---|---|---|
| 008 | 090401t1997 xxu||||| |||| 00| 0 eng d | ||
| 020 | _a0582273250 | ||
| 035 | _a(Sirsi) u77021 | ||
| 041 | _aeng | ||
| 050 | _a711.1 | ||
| 245 | _aPlanning and environmental impact assessment in practice. | ||
| 260 |
_aHarlow _bAddison Wesley Longman _c1997 |
||
| 300 | _aix,205p. ; 23cm. | ||
| 350 | _a15.99 | ||
| 520 | _aProvides a practical introduction to the subject, relating theory to practice through the use of case studies. Covers such areas as assessment, lobbying, public enquiries, monitoring and pollution control. | ||
| 650 | _aENVIRONMENTAL IMPACT ASSESSMENTS | ||
| 650 | _aENVIRONMENTAL IMPACT ASSESSMENTS | ||
| 690 | _aPLANNING LAW AND PRACTICE | ||
| 700 |
_aWeston, Joe _xEditor |
||
| 942 | _n0 | ||
| 948 | _c05/03/1997 | ||
| 999 |
_c96273 _d96273 |
||